000 00667nam a2200265Ia 4500
001 532
005 20240113233418.0
007 ta
008 050119s1960 a g b000 u eng u
020 _cHB
040 _aCotton College,Assam
041 _aeng
082 _a598.2
_bEm 59 Wo
100 _aEimerl, Sarel .
245 0 _aWonders of the Life on Earth /
_cSarel Eimerl.
_hTextual Documents
250 _a1st ed. /
260 _aNew York :
_bGolden press ,
_cc1960.
300 _a215p. :
_bill ;
_c28cm .
653 _aZoology
653 _aLife-Earth
653 _aRef-Zoology
942 _2ddc
_cBK
999 _c530
_d530